Daňové a odvodové zaťaženie firiem, ich vplyv na cenu práce a náklady firmy bakalárska práca

Salvato in:
Dettagli Bibliografici
Autore principale: Gunišová, Eva
Ente Autore: Fakulta podnikového manažmentu EU. Katedra podnikovohospodárska
Altri autori: Kufelová, Iveta, 1970-
Natura: Libro
Lingua:slovacco
Pubblicazione: Bratislava 2020
Tags: Aggiungi Tag
Nessun Tag, puoi essere il primo ad aggiungerne!!

MARC

LEADER 00000nbm a2200000 4500
001 0266215
005 20201126125847.4
041 0 |a slo 
044 |a SK 
245 1 0 |a Daňové a odvodové zaťaženie firiem, ich vplyv na cenu práce a náklady firmy  |b bakalárska práca  |c Eva Gunišová ; školiteľ: Iveta Kufelová 
264 1 |a Bratislava  |c 2020 
300 |a 51 s. 
100 1 |a Gunišová, Eva 
700 1 |a Kufelová, Iveta, 1970- 
710 2 |a Fakulta podnikového manažmentu EU. Katedra podnikovohospodárska